000 00782nam a22002177a 4500
003 UA-OsUOA
001 95292
007 ta
008 20130227b un ||||| |||| 00| 0 ukr d
100 _aОстапченко О.
090 _a81
_bО-76
942 _cSA
040 _aUA-OsUOA
_bfre
_cUA-OsUOA
_dUA-OsUOA
245 _aПроблемні завдання та лінгвістичні ігри у вивченні лексики української мови
300 _aС.12-15
955 _a0
041 _afre
080 _a81
773 0 _w95291
_tУкраїнська мова й література в сучасній школі
_dК.
_d2013
_g2
650 7 _a8 Мовознавство. Художня література. Літературознавство
_2UDC
999 _c381537
_d381537